| 000 | 00414nam a22001457a 4500 | ||
|---|---|---|---|
| 082 |
_a621.4 _bJAM _cL-tech, P-65 |
||
| 100 |
_aJamieson, Andrew _940631 |
||
| 245 |
_aHeat and heat engines _cAndrew Jamieson |
||
| 250 | _a19th ed. | ||
| 260 |
_aLondon _bCharles griefin & company limited _c1925 |
||
| 300 | _aVol.1,xvi, 551.p: | ||
| 526 |
_a0 _b0 _c0 _d621_400000000000000_JAM |
||
| 650 |
_aMCE _9379 |
||
| 942 |
_2ddc _cBK |
||
| 999 |
_c545768 _d545768 |
||